| 000 | 00569nam a22001937a 4500 | ||
|---|---|---|---|
| 008 | 140128b xxu||||| |||| 00| 0 alb d | ||
| 020 | _a9789994316915 | ||
| 041 | 0 | _aalb | |
| 080 | _a 811.18'26 | ||
| 100 | 1 | _aMemushaj, Rami | |
| 245 | 1 | 0 |
_aShqipja standarde : _cRami Memushaj. |
| 250 | _aRibotim | ||
| 260 |
_aTiranë : _bToena, _c2008. |
||
| 300 |
_a256 f. ; _c21 cm. |
||
| 500 | _aParathënie : f. [3]-4 | ||
| 500 | _aLiteratura : f. [255]-256 | ||
| 650 |
_aGjuha shqipe _xPërdorimi dhe pastërtia e gjuhës |
||
| 942 |
_2udc _cBK |
||
| 999 |
_c399 _d399 |
||